000 00462nam a2200181Ia 4500
001 3444
005 20260306145644.0
008 260306t2001||||xx |||||||||||||| ||spa||
041 _aESP
082 _a278.5
_bB135
100 _aBenito Rodríguez, José Antonio
_eAUT
245 0 _aCrisol de lazos solidarios:
_bToribio Alfonso Mogrovejo
260 _c2001
300 _a275 páginas :
_c20 cm.
650 _aGEN
654 _aCHU
942 _cLIB
_dJUS
_fJUS
_2ddc
_n
999 _c3444
_d3444